[Event "Skalica Rapid 2020"]
[Site "Skalica"]
[Date "2020.08.29"]
[Round "7.6"]
[White "Pekar, Matus"]
[Black "Nemsak, Denis"]
[Result "0-1"]
[WhiteElo "1575"]
[BlackElo "1869"]
[Annotator "NA"]
[PlyCount "40"]
[EventDate "2020.08.29"]
[EventType "swiss"]
[EventCountry "SVK"]
[SourceTitle "playchess.com"]
[Source "ChessBase"]
[SourceQuality "1"]
[TimeControl "600+5"]

1. e4 {[%emt 0:00:00]} d5 {[%emt 0:00:00]} 2. exd5 {[%emt 0:00:01]} Nf6 {[%emt 0:00:00]} 3. d4 {[%emt 0:00:07]} Nxd5 {[%emt 0:00:00]} 4. c4 {[%emt 0:00:03]} Nb6 {[%emt 0:00:00]} 5. Nf3 {[%emt 0:00:04]} g6 {[%emt 0:00:01]} 6. Nc3 {[%emt 0:00:07]} Bg7 {[%emt 0:00:02]} 7. Be2 $14 {[%emt 0:00:35]} (7. c5 $5 {[%cal Rc5b6]} Nd5 8. Bc4 $14) 7... O-O {[%emt 0:00:02]} 8. O-O {[%emt 0:00:05]} Nc6 {[%emt 0:00:01]} 9. Bg5 {[%emt 0:00:26]} Nxd4 {[%emt 0:00:06]} 10. Nxd4 {[%emt 0:00:30]} Qxd4 {[%emt 0:00:04]} 11. Qxd4 {[%emt 0:01:13]} Bxd4 {[%emt 0:00:02]} 12. Bxe7 {[%emt 0:00:02]} Re8 {[%emt 0:00:01]} 13. Rad1 {[%emt 0:01:21]} Bxc3 {[%emt 0:00:03]} 14. bxc3 {[%emt 0:00:03]} Rxe7 {[%emt 0:00:02]} 15. Rd8+ {[%emt 0:00:05]} Kg7 {[%emt 0:00:01]} 16. Bf3 {[%emt 0:00:27]} Be6 {[%emt 0:00:16]} 17. Rxa8 Nxa8 {[%emt 0:00:01]} 18. Bxb7 {[%emt 0:00:22]} Nb6 {[%emt 0:00:01]} 19. c5 {[%emt 0:00:27]} Na4 {[%emt 0:00:01]} 20. c6 {[%emt 0:00:39]} Nxc3 {[%emt 0:00:02]} 0-1

[Event "Skalica Rapid 2020"]
[Site "Skalica"]
[Date "2020.08.29"]
[Round "7.7"]
[White "Panko Radoslav"]
[Black "Petran, Peter"]
[Result "1-0"]
[WhiteElo "1913"]
[BlackElo "2219"]
[Annotator "RC"]
[PlyCount "59"]
[EventDate "2020.08.29"]
[EventType "swiss"]
[EventCountry "SVK"]
[SourceTitle "playchess.com"]
[Source "ChessBase"]
[SourceQuality "1"]
[TimeControl "600+5"]

1. e4 {[%emt 0:00:00]} g6 {[%emt 0:00:00]} 2. d4 {[%emt 0:00:03]} Bg7 {[%emt 0:00:01]} 3. Nc3 {[%emt 0:00:02]} c6 {[%emt 0:00:00]} 4. h4 {[%emt 0:00:11]} h5 {[%emt 0:00:00]} 5. Nf3 {[%emt 0:00:35]} d6 {[%emt 0:00:05]} 6. Be2 {[%emt 0:00:11]} b5 {[%emt 0:00:03]} 7. a3 {[%emt 0:00:17]} Nf6 {[%emt 0:00:02]} 8. Bf4 {[%emt 0:00:37]} Nbd7 {[%emt 0:00:43]} 9. e5 {[%emt 0:00:09]} dxe5 {[%emt 0:00:15]} 10. dxe5 {[%emt 0:01:16]} Ng4 {[%emt 0:00:01]} 11. e6 {[%emt 0:00:04]} fxe6 {[%emt 0:01:37]} 12. Bd3 {[%emt 0:00:27]} Nf8 {[%emt 0:00:27]} 13. Qe2 {[%emt 0:00:20]} Qb6 {[%emt 0:00:30]} 14. O-O {[%emt 0:00:36]} Bd7 {[%emt 0:00:54]} 15. Ne5 {[%emt 0:01:22]} Nxe5 {[%emt 0:00:22]} 16. Bxe5 {[%emt 0:00:03]} Bxe5 {[%emt 0:00:21]} 17. Qxe5 {[%emt 0:00:03]} Rg8 {[%emt 0:00:03]} 18. Ne4 {[%emt 0:00:30]} Qb8 {[%emt 0:00:23]} 19. Qc3 {[%emt 0:00:20]} Qb6 {[%emt 0:00:58]} 20. Nc5 {[%emt 0:00:33]} O-O-O {[%emt 0:00:19]} 21. b4 {[%emt 0:00:12]} g5 {[%emt 0:00:57]} 22. hxg5 {[%emt 0:00:15]} Rxg5 {[%emt 0:00:02]} 23. a4 {[%emt 0:00:09]} Ng6 {[%emt 0:01:54]} 24. f4 {[%emt 0:02:27]} Rg3 {[%emt 0:00:50]} 25. axb5 {[%emt 0:00:36]} Nh4 {[%emt 0:00:13]} 26. Rf2 {[%emt 0:00:29]} Rdg8 {[%emt 0:00:06]} 27. Qd2 {[%emt 0:00:07]} Rxg2+ {[%emt 0:00:10]} 28. Kh1 {[%emt 0:00:06]} cxb5 {[%emt 0:00:28]} 29. Be4 {[%emt 0:00:07]} Bc6 {[%emt 0:00:12]} 30. Rxg2 {[%emt 0:00:10]} 1-0

[Event "Skalica Rapid 2020"]
[Site "Skalica"]
[Date "2020.08.29"]
[Round "7.7"]
[White "Stos, Radek"]
[Black "Bucek, Miroslav"]
[Result "0-1"]
[WhiteElo "1790"]
[BlackElo "1422"]
[Annotator "NA"]
[PlyCount "80"]
[EventDate "2020.08.29"]
[EventType "swiss"]
[EventCountry "SVK"]
[SourceTitle "playchess.com"]
[Source "ChessBase"]
[SourceQuality "1"]
[TimeControl "600+5"]

1. e4 {[%emt 0:00:00]} e5 {[%emt 0:00:00]} 2. Nf3 {[%emt 0:00:00]} Nc6 {[%emt 0:00:00]} 3. Bb5 {[%emt 0:00:00]} a6 {[%emt 0:00:04]} 4. Ba4 {[%emt 0:00:02]} Nf6 {[%emt 0:00:02]} 5. d3 {[%emt 0:00:00]} Be7 {[%emt 0:00:11]} 6. Bg5 {[%emt 0:00:02]} b5 {[%emt 0:00:03]} 7. Bb3 {[%emt 0:00:02]} d6 {[%emt 0:00:01]} 8. c3 {[%emt 0:00:01]} O-O {[%emt 0:00:05]} 9. Nbd2 {[%emt 0:00:03]} Na5 {[%emt 0:00:02]} 10. Bc2 {[%emt 0:00:02]} c5 {[%emt 0:00:02]} 11. Bxf6 {[%emt 0:00:03]} Bxf6 {[%emt 0:00:03]} 12. h3 {[%emt 0:00:01]} Nc6 {[%emt 0:00:10]} 13. Nf1 {[%emt 0:00:03]} Re8 {[%emt 0:00:08]} 14. Ng3 {[%emt 0:00:02]} d5 {[%emt 0:00:32]} 15. exd5 {[%emt 0:00:03]} Qxd5 {[%emt 0:00:04]} 16. Ne4 {[%emt 0:00:11]} Be7 {[%emt 0:00:25]} 17. O-O {[%emt 0:00:06]} Bf5 {[%emt 0:00:15]} 18. Ng3 {[%emt 0:00:02]} Bg6 {[%emt 0:00:18]} 19. Re1 {[%emt 0:00:04]} Bf6 {[%emt 0:00:09]} 20. Ne4 {[%emt 0:00:04]} Bxe4 {[%emt 0:00:05]} 21. Rxe4 {[%emt 0:00:03]} Qd7 {[%emt 0:00:27]} 22. Qe2 {[%emt 0:00:04]} Qc7 {[%emt 0:00:07]} 23. Re1 {[%emt 0:00:12]} Re7 {[%emt 0:00:39]} 24. Nh4 {[%emt 0:00:03]} Bxh4 {[%emt 0:00:26]} 25. Rxh4 {[%emt 0:00:02]} g6 {[%emt 0:00:13]} 26. Qe3 {[%emt 0:00:11]} Qd6 {[%emt 0:00:48]} 27. Qh6 {[%emt 0:00:17]} f5 {[%emt 0:00:07]} 28. f4 {[%emt 0:00:36]} exf4 {[%emt 0:00:25]} 29. Rxe7 {[%emt 0:00:04]} Qxe7 {[%emt 0:00:03]} 30. Rxf4 {[%emt 0:00:37]} Qe3+ {[%emt 0:00:52]} 31. Kh2 Ne7 32. Bb3+ {[%emt 0:01:50]} Kh8 {[%emt 0:00:27]} 33. Qg5 {[%emt 0:00:02]} Rf8 {[%emt 0:00:35]} 34. Qh4 {[%emt 0:01:06]} Qe5 {[%emt 0:00:26]} 35. Qg3 {[%emt 0:00:24]} Nd5 {[%emt 0:00:28]} 36. Bxd5 {[%emt 0:00:50]} Qxd5 {[%emt 0:00:03]} 37. c4 {[%emt 0:00:56]} Qe5 {[%emt 0:00:10]} 38. Qf2 {[%emt 0:00:06]} g5 {[%emt 0:00:18]} 39. d4 {[%emt 0:00:08]} Qxf4+ {[%emt 0:00:00]} 40. Qxf4 {[%emt 0:00:02]} gxf4 {[%emt 0:00:01]} 0-1

[Event "Skalica Rapid 2020"]
[Site "Skalica"]
[Date "2020.08.29"]
[Round "7.8"]
[White "Matejovic Juraj"]
[Black "Valenta Vit"]
[Result "1/2-1/2"]
[WhiteElo "2219"]
[BlackElo "1994"]
[Annotator "ChessBase"]
[PlyCount "73"]
[EventDate "2020.08.29"]
[EventType "swiss"]
[EventCountry "SVK"]
[SourceTitle "playchess.com"]
[Source "ChessBase"]
[SourceQuality "1"]
[TimeControl "600+5"]

1. e4 {[%emt 0:00:00]} e5 {[%emt 0:00:00]} 2. Nf3 {[%emt 0:00:01]} Nc6 {[%emt 0:00:01]} 3. Bb5 {[%emt 0:00:03]} a6 {[%emt 0:00:00]} 4. Bxc6 {[%emt 0:00:02]} dxc6 {[%emt 0:00:00]} 5. O-O {[%emt 0:00:06]} f6 {[%emt 0:00:05]} 6. d4 {[%emt 0:00:06]} exd4 {[%emt 0:00:00]} 7. Nxd4 {[%emt 0:00:03]} c5 {[%emt 0:00:07]} 8. Ne2 {[%emt 0:00:01]} Qxd1 {[%emt 0:00:05]} 9. Rxd1 {[%emt 0:00:02]} Bd7 {[%emt 0:00:02]} 10. Be3 {[%emt 0:00:32]} O-O-O {[%emt 0:00:07]} 11. Nbc3 {[%emt 0:00:12]} b6 {[%emt 0:00:37]} 12. Rd2 {[%emt 0:04:24]} Ne7 {[%emt 0:00:24]} 13. Rad1 {[%emt 0:00:11]} Nc6 {[%emt 0:01:50]} 14. Bf4 {[%emt 0:00:07]} Be6 {[%emt 0:01:13]} 15. Rxd8+ {[%emt 0:01:21]} Nxd8 {[%emt 0:00:01]} 16. Bg3 {[%emt 0:00:25]} Nb7 {[%emt 0:00:31]} 17. Nf4 {[%emt 0:00:12]} Bf7 {[%emt 0:01:15]} 18. Nfd5 {[%emt 0:00:06]} Bd6 {[%emt 0:00:48]} 19. Bxd6 {[%emt 0:00:42]} Nxd6 {[%emt 0:00:12]} 20. Nxb6+ {[%emt 0:00:06]} Kb7 {[%emt 0:00:02]} 21. Nbd5 {[%emt 0:00:33]} Nc4 {[%emt 0:00:29]} 22. b3 {[%emt 0:00:36]} Na3 {[%emt 0:00:17]} 23. Ne3 {[%emt 0:00:08]} Kc6 {[%emt 0:00:12]} 24. f3 {[%emt 0:00:24]} Nb5 {[%emt 0:00:18]} 25. Na4 {[%emt 0:00:26]} g6 {[%emt 0:00:33]} 26. Nd5 {[%emt 0:00:06]} f5 {[%emt 0:00:16]} 27. Ne7+ {[%emt 0:00:05]} Kb7 {[%emt 0:00:09]} 28. Nxc5+ {[%emt 0:00:02]} Ka7 {[%emt 0:00:05]} 29. Rd7 {[%emt 0:01:01]} fxe4 {[%emt 0:00:25]} 30. c4 {[%emt 0:00:13]} Nd6 {[%emt 0:00:08]} 31. Rxc7+ {[%emt 0:00:09]} Kb8 {[%emt 0:00:01]} 32. Nxa6+ {[%emt 0:00:00]} Ka8 {[%emt 0:00:02]} 33. Nc6 {[%emt 0:00:09]} Nc8 {[%emt 0:00:04]} 34. Rxf7 {[%emt 0:00:04]} Re8 {[%emt 0:00:01]} 35. Nc7+ {[%emt 0:00:02]} Kb7 {[%emt 0:00:02]} 36. Nxe8+ {[%emt 0:00:01]} Kxc6 {[%emt 0:00:02]} 37. Rc7+ {[%emt 0:00:02]} 1/2-1/2

[Event "Skalica Rapid 2020"]
[Site "Skalica"]
[Date "2020.08.29"]
[Round "7.8"]
[White "Osicka, Premysl"]
[Black "Blaha, Tomas S"]
[Result "1-0"]
[WhiteElo "1590"]
[BlackElo "1089"]
[Annotator "NA RC"]
[PlyCount "109"]
[EventDate "2020.08.29"]
[EventType "swiss"]
[EventCountry "SVK"]
[SourceTitle "playchess.com"]
[Source "ChessBase"]
[SourceQuality "1"]
[TimeControl "600+5"]

1. d4 {[%emt 0:00:00]} d5 {[%emt 0:00:00]} 2. Bf4 {[%emt 0:00:00]} Nf6 {[%emt 0:00:00]} 3. e3 {[%emt 0:00:00]} Nc6 {[%emt 0:00:21]} 4. c4 {[%emt 0:00:15]} dxc4 {[%emt 0:00:12]} 5. Bxc4 {[%emt 0:00:02]} e5 {[%emt 0:00:04]} 6. Bg3 {[%emt 0:01:25]} exd4 {[%emt 0:00:39]} 7. exd4 {[%emt 0:00:24]} Nxd4 {[%emt 0:00:19]} 8. Nf3 {[%emt 0:00:04]} Nxf3+ {[%emt 0:00:14]} 9. Qxf3 {[%emt 0:00:03]} Bd6 {[%emt 0:00:20]} 10. O-O {[%emt 0:00:18]} Bxg3 {[%emt 0:00:25]} 11. Re1+ {[%emt 0:00:40]} Be6 {[%emt 0:01:01]} 12. Qxg3 {[%emt 0:00:19]} O-O {[%emt 0:00:22]} 13. Bxe6 {[%emt 0:00:07]} fxe6 {[%emt 0:00:03]} 14. Nc3 {[%emt 0:00:06]} Re8 {[%emt 0:00:48]} 15. Rad1 {[%emt 0:00:11]} Qe7 {[%emt 0:00:05]} 16. Nd5 {[%emt 0:00:28]} Nxd5 {[%emt 0:00:19]} 17. Rxd5 {[%emt 0:00:03]} Rad8 {[%emt 0:00:07]} 18. Rde5 {[%emt 0:00:09]} c6 {[%emt 0:00:28]} 19. h3 {[%emt 0:00:16]} Rd2 {[%emt 0:00:30]} 20. Rxe6 {[%emt 0:01:05]} Qxe6 {[%emt 0:02:53]} 21. Rxe6 {[%emt 0:00:01]} Rxe6 {[%emt 0:00:02]} 22. Qb8+ {[%emt 0:00:03]} Kf7 {[%emt 0:00:01]} 23. Qxb7+ {[%emt 0:00:07]} Re7 {[%emt 0:00:01]} 24. Qb3+ {[%emt 0:00:13]} Re6 {[%emt 0:00:24]} 25. Qb7+ {[%emt 0:00:08]} Re7 {[%emt 0:00:01]} 26. Qxc6 {[%emt 0:00:09]} Rxb2 {[%emt 0:00:03]} 27. Qd5+ {[%emt 0:00:14]} Kf8 {[%emt 0:00:32]} 28. Qd8+ {[%emt 0:00:15]} Kf7 {[%emt 0:00:05]} 29. Qd5+ {[%emt 0:00:19]} Ke8 {[%emt 0:00:13]} 30. Qa8+ {[%emt 0:00:11]} Kf7 {[%emt 0:00:02]} 31. Qf3+ {[%emt 0:00:15]} Kg8 {[%emt 0:00:19]} 32. Qa8+ {[%emt 0:00:33]} Kf7 {[%emt 0:00:01]} 33. Qd5+ {[%emt 0:00:34]} Kf8 {[%emt 0:00:17]} 34. Qf5+ {[%emt 0:00:09]} Kg8 {[%emt 0:00:04]} 35. a4 {[%emt 0:00:10]} Rf7 {[%emt 0:00:19]} 36. Qc8+ {[%emt 0:00:27]} Rf8 {[%emt 0:00:07]} 37. Qc4+ {[%emt 0:00:08]} Rf7 {[%emt 0:00:06]} 38. f3 {[%emt 0:00:34]} Rb1+ {[%emt 0:00:35]} 39. Kh2 {[%emt 0:00:05]} Ra1 {[%emt 0:00:20]} 40. Qc8+ {[%emt 0:00:14]} Rf8 {[%emt 0:00:02]} 41. Qe6+ {[%emt 0:00:05]} Rf7 {[%emt 0:00:04]} 42. Qb3 {[%emt 0:00:08]} Re1 {[%emt 0:00:24]} 43. Qb8+ {[%emt 0:00:09]} Rf8 {[%emt 0:00:01]} 44. Qxa7 {[%emt 0:00:04]} Ree8 {[%emt 0:00:07]} 45. a5 {[%emt 0:00:16]} Ra8 {[%emt 0:00:09]} 46. Qc5 {[%emt 0:00:02]} Rfc8 {[%emt 0:00:14]} 47. Qd5+ {[%emt 0:00:01]} Kf8 {[%emt 0:00:02]} 48. Qd7 {[%emt 0:00:06]} Kg8 {[%emt 0:00:02]} 49. a6 {[%emt 0:00:02]} Kf8 {[%emt 0:00:07]} 50. a7 {[%emt 0:00:06]} Kg8 {[%emt 0:00:02]} 51. Qe6+ {[%emt 0:00:11]} Kf8 {[%emt 0:00:01]} 52. h4 {[%emt 0:00:48]} Rxa7 {[%emt 0:00:13]} 53. Qxc8+ {[%emt 0:00:02]} Kf7 {[%emt 0:00:04]} 54. Qc4+ {[%emt 0:00:09]} Kf8 {[%emt 0:00:03]} 55. Qc5+ {[%emt 0:00:00]} 1-0

[Event "Skalica Rapid 2020"]
[Site "Skalica"]
[Date "2020.08.29"]
[Round "7.9"]
[White "Sobek Michal"]
[Black "Abel, Peter"]
[Result "1-0"]
[WhiteElo "1913"]
[BlackElo "2200"]
[Annotator "TA"]
[PlyCount "93"]
[EventDate "2020.08.29"]
[EventType "swiss"]
[EventCountry "SVK"]
[SourceTitle "playchess.com"]
[Source "ChessBase"]
[SourceQuality "1"]

{[%evp 16,93,52,28,56,10,18,7,41,37,40,22,30,27,27,39,102,20,73,60,95,20,47,31,105,60,85,38,62,50,256,260,291,291,272,245,250,-163,425,412,391,354,329,221,526,516,828,826,980,620,739,493,485,248,212,0,483,479,525,452,759,573,753,634,564,559,5105,5109,1953,808,773,775,769,740,710,693,678,656,29990,29991]} 1. Nf3 Nf6 2. g3 g6 3. c4 c5 4. Bg2 Bg7 5. Nc3 O-O 6. O-O Nc6 7. d4 cxd4 8. Nxd4 Qb6 {8...Qa5 gains popularity.} 9. Ndb5 a6 {A39: Symmetrical English vs ...g6: 4 Bg2 Bg7 5 Nf3 Nf6 6 0-0 0-0 7 d4.} 10. Na3 (10. Na4 $5 {[%cal Ra4b6]} Qa5 11. Bd2 $11) 10... d6 11. Nc2 {[#]} Ng4 $146 {The position is equal.} ({Predecessor:} 11... Qc7 12. Bg5 Qd8 13. Qd2 Rb8 14. Rad1 Ne5 15. b3 b6 16. f4 Ned7 17. Nb4 Qe8 {0-1 (29) De Dios Suarez,J (1685)-Rengifo Jaramillo,D (1831) Cali 2015}) 12. Nd5 Qd8 13. h3 Nge5 14. b3 e6 15. Nde3 Qc7 (15... f5 $14) 16. Rb1 ({White should try} 16. Ba3 $16) 16... Rd8 (16... f5 $11) 17. Bb2 $16 Rb8 18. Nd4 (18. f4 $16) 18... h5 19. Qd2 Qb6 ({Black should play} 19... Nxd4 $14 20. Bxd4 f5) 20. Kh1 Qc7 21. Rfc1 Qe7 22. f4 $36 {[%mdl 2048] White is more active.} Nxd4 $2 (22... Nd7 $1 $14) 23. Qxd4 $18 {[%mdl 64] Pin} ({Weaker is} 23. Bxd4 Nd7 $16) 23... f5 24. fxe5 Bxe5 25. Qd3 Qg5 26. Nf1 $4 {[%mdl 8192]} (26. Rg1 $18 {and all is fine.}) 26... h4 $4 {[%mdl 8192]} (26... Bxb2 $19 27. h4 Qf6) 27. Bxe5 dxe5 28. gxh4 Qxh4 29. Qg3 Qh6 $2 (29... Qxg3 {is tougher.} 30. Nxg3 Bd7) 30. Rd1 Rxd1 (30... Rf8 $142 31. Qxe5 Ra8) 31. Rxd1 f4 32. Qg4 Kf7 33. Rd8 {Qf3 is the strong threat.} Ke7 34. Rg8 (34. Rd2 $142) 34... Kf7 {[#]} 35. Rd8 $2 (35. Rxc8 $1 Rxc8 36. Bxb7) 35... Ke7 $1 {[%cal Re7d8]} 36. Rd3 Bd7 37. Nd2 b5 (37... Qh5 $142 38. Kg1 a5) 38. Ne4 Rc8 39. cxb5 axb5 40. b4 Rc4 {[#]} 41. Rxd7+ $1 Kxd7 42. Nc5+ (42. Nf6+ $142 Kd8 43. Qxe6) 42... Rxc5 43. bxc5 f3 44. Qxf3 {Black must now prevent Qf7+.} Qc1+ 45. Kh2 Qxc5 46. Qf7+ Kd6 47. Qf8+ {Accuracy: White = 45%, Black = 32%.} 1-0

[Event "Skalica Rapid 2020"]
[Site "Skalica"]
[Date "2020.08.29"]
[Round "7.9"]
[White "Striskova, Lucia"]
[Black "Cedzo, Adam"]
[Result "0-1"]
[WhiteElo "1706"]
[BlackElo "1585"]
[Annotator "NA"]
[PlyCount "56"]
[EventDate "2020.08.29"]
[EventType "swiss"]
[EventCountry "SVK"]
[SourceTitle "playchess.com"]
[Source "ChessBase"]
[SourceQuality "1"]
[TimeControl "600+5"]

1. e4 {[%emt 0:00:00]} e5 {[%emt 0:00:00]} 2. Nf3 {[%emt 0:00:00]} Nc6 {[%emt 0:00:00]} 3. d4 {[%emt 0:00:00]} exd4 {[%emt 0:00:00]} 4. Nxd4 {[%emt 0:00:00]} Bc5 {[%emt 0:00:00]} 5. Nb3 {[%emt 0:00:01]} Bb6 {[%emt 0:00:10]} 6. Nc3 {[%emt 0:00:01]} d6 {[%emt 0:00:11]} 7. a4 {[%emt 0:00:02]} a6 {[%emt 0:00:04]} 8. Bc4 {[%emt 0:00:09]} Nf6 {[%emt 0:00:02]} 9. Bg5 {[%emt 0:00:01]} O-O {[%emt 0:00:07]} 10. Nd5 {[%emt 0:00:49]} Bxf2+ {[%emt 0:01:02]} 11. Kf1 {[%emt 0:00:27]} Ne5 {[%emt 0:00:02]} 12. Be2 {[%emt 0:00:35]} Nxd5 {[%emt 0:00:24]} 13. Bxd8 {[%emt 0:00:20]} Ne3+ {[%emt 0:00:01]} 14. Kxf2 {[%emt 0:00:01]} Nxd1+ {[%emt 0:00:01]} 15. Raxd1 {[%emt 0:00:09]} Rxd8 {[%emt 0:00:02]} 16. Na5 {[%emt 0:00:15]} b6 {[%emt 0:00:28]} 17. Nb3 {[%emt 0:00:05]} Bg4 {[%emt 0:00:05]} 18. Nd4 {[%emt 0:00:22]} Re8 {[%emt 0:00:15]} 19. Bxg4 {[%emt 0:00:23]} Nxg4+ {[%emt 0:00:01]} 20. Kf3 {[%emt 0:00:01]} Ne5+ {[%emt 0:00:09]} 21. Kf4 {[%emt 0:00:04]} Ng6+ {[%emt 0:00:18]} 22. Ke3 {[%emt 0:00:53]} d5 {[%emt 0:00:16]} 23. Nc6 {[%emt 0:00:12]} Rxe4+ {[%emt 0:00:27]} 24. Kf2 {[%emt 0:00:01]} Rae8 {[%emt 0:00:13]} 25. h3 {[%emt 0:00:50]} Re2+ {[%emt 0:00:28]} 26. Kg3 {[%emt 0:00:01]} R8e3+ {[%emt 0:00:09]} 27. Kh2 {[%emt 0:00:02]} Nf4 {[%emt 0:00:10]} 28. Nd4 {[%emt 0:00:28]} Rxg2# {[%emt 0:00:11]} 0-1

[Event "Skalica Rapid 2020"]
[Site "Skalica"]
[Date "2020.08.29"]
[Round "7.10"]
[White "Krupa Miroslav"]
[Black "Pniaczek, Marek"]
[Result "1-0"]
[WhiteElo "1816"]
[BlackElo "1969"]
[Annotator "ChessBase"]
[PlyCount "27"]
[EventDate "2020.08.29"]
[EventType "swiss"]
[EventCountry "SVK"]
[SourceTitle "playchess.com"]
[Source "ChessBase"]
[SourceQuality "1"]
[TimeControl "600+5"]

1. e4 {[%emt 0:00:00]} c5 {[%emt 0:00:00]} 2. Nf3 {[%emt 0:00:00]} Nc6 {[%emt 0:00:00]} 3. Nd4 {[%emt 0:00:00]} e6 {[%emt 0:00:00]} 4. Nb5 {[%emt 0:00:21]} d6 {[%emt 0:00:03]} 5. d4 {[%emt 0:00:00]} Nf6 {[%emt 0:00:21]} 6. Be2 {[%emt 0:00:00]} Be7 {[%emt 0:00:05]} 7. c3 {[%emt 0:00:02]} cxd4 {[%emt 0:00:17]} 8. cxd4 {[%emt 0:00:24]} O-O {[%emt 0:00:35]} 9. O-O {[%emt 0:00:05]} Nd7 {[%emt 0:00:05]} 10. Be3 {[%emt 0:00:36]} Bf6 {[%emt 0:00:39]} 11. Re1 {[%emt 0:00:58]} Qc7 {[%emt 0:00:49]} 12. f3 {[%emt 0:00:02]} Rd8 {[%emt 0:01:38]} 13. Bf1 {[%emt 0:01:37]} h5 {[%emt 0:05:08]} 14. Kh1 {[%emt 0:03:20]} 1-0

[Event "Skalica Rapid 2020"]
[Site "Skalica"]
[Date "2020.08.29"]
[Round "7.11"]
[White "Jablonicky, Frantisek"]
[Black "Bidulsky, Matej"]
[Result "0-1"]
[WhiteElo "2038"]
[BlackElo "1548"]
[Annotator "ChessBase"]
[PlyCount "49"]
[EventDate "2020.08.29"]
[EventType "swiss"]
[EventCountry "SVK"]
[SourceTitle "playchess.com"]
[Source "ChessBase"]
[SourceQuality "1"]
[TimeControl "600+5"]

1. g3 {[%emt 0:00:00]} d5 {[%emt 0:00:00]} 2. f4 {[%emt 0:00:00]} Nc6 {[%emt 0:00:00]} 3. Nf3 {[%emt 0:00:01]} Bf5 {[%emt 0:00:00]} 4. Bg2 {[%emt 0:00:02]} Nf6 {[%emt 0:00:02]} 5. d3 {[%emt 0:00:01]} e6 {[%emt 0:00:02]} 6. O-O {[%emt 0:00:03]} Bc5+ {[%emt 0:00:01]} 7. e3 {[%emt 0:00:06]} O-O {[%emt 0:00:02]} 8. h3 {[%emt 0:00:05]} Bg6 {[%emt 0:00:05]} 9. Kh2 {[%emt 0:00:00]} Re8 {[%emt 0:00:03]} 10. Ne5 {[%emt 0:00:19]} Nxe5 {[%emt 0:00:11]} 11. fxe5 {[%emt 0:00:01]} Nd7 {[%emt 0:00:00]} 12. d4 {[%emt 0:00:11]} Bb6 {[%emt 0:00:01]} 13. c4 {[%emt 0:00:01]} dxc4 {[%emt 0:00:17]} 14. Bxb7 {[%emt 0:00:02]} Rb8 {[%emt 0:00:01]} 15. Bg2 {[%emt 0:00:04]} c5 {[%emt 0:00:02]} 16. Nc3 {[%emt 0:00:11]} Bd3 {[%emt 0:00:03]} 17. Rf4 {[%emt 0:00:14]} Nf8 {[%emt 0:00:02]} 18. d5 {[%emt 0:00:23]} Ng6 {[%emt 0:00:11]} 19. dxe6 {[%emt 0:00:23]} Rxe6 {[%emt 0:00:29]} 20. Bd5 {[%emt 0:00:19]} Nxf4 {[%emt 0:00:01]} 21. exf4 {[%emt 0:00:02]} Re7 {[%emt 0:00:26]} 22. Qg4 {[%emt 0:00:28]} Ba5 {[%emt 0:00:17]} 23. Ne4 {[%emt 0:00:16]} Kh8 {[%emt 0:02:10]} 24. h4 {[%emt 0:02:24]} h6 {[%emt 0:00:45]} 25. Qe6 {[%emt 0:01:57]} 0-1

[Event "Skalica Rapid 2020"]
[Site "Skalica"]
[Date "2020.08.29"]
[Round "7.11"]
[White "Fajtakova, Silvia"]
[Black "Dubanova, Kristina"]
[Result "1-0"]
[WhiteElo "1509"]
[BlackElo "1128"]
[Annotator "NA"]
[PlyCount "57"]
[EventDate "2020.08.29"]
[EventType "swiss"]
[EventCountry "SVK"]
[SourceTitle "playchess.com"]
[Source "ChessBase"]
[SourceQuality "1"]
[TimeControl "600+5"]

1. e4 {[%emt 0:00:00]} e5 {[%emt 0:00:00]} 2. Nf3 {[%emt 0:00:00]} Nc6 {[%emt 0:00:00]} 3. Bb5 {[%emt 0:00:00]} a6 {[%emt 0:00:00]} 4. Ba4 {[%emt 0:00:00]} b5 {[%emt 0:00:00]} 5. Bb3 {[%emt 0:00:01]} Nf6 {[%emt 0:00:05]} 6. O-O {[%emt 0:00:01]} Bc5 {[%emt 0:00:01]} 7. Re1 {[%emt 0:00:01]} d6 {[%emt 0:00:19]} 8. h3 {[%emt 0:00:01]} Be6 {[%emt 0:00:05]} 9. Bxe6 {[%emt 0:00:10]} fxe6 {[%emt 0:00:02]} 10. c3 {[%emt 0:00:04]} d5 {[%emt 0:00:16]} 11. exd5 {[%emt 0:00:06]} exd5 {[%emt 0:00:29]} 12. Nxe5 {[%emt 0:00:06]} Nxe5 {[%emt 0:01:37]} 13. Rxe5+ {[%emt 0:00:02]} Be7 {[%emt 0:00:09]} 14. Qe1 {[%emt 0:00:05]} c6 {[%emt 0:00:44]} 15. Re6 {[%emt 0:00:27]} Qd7 {[%emt 0:00:21]} 16. d3 {[%emt 0:00:11]} Ra7 {[%emt 0:00:11]} 17. Bg5 {[%emt 0:00:06]} O-O {[%emt 0:00:26]} 18. Nd2 {[%emt 0:00:32]} Bd6 {[%emt 0:00:32]} 19. Bxf6 {[%emt 0:00:50]} gxf6 {[%emt 0:00:32]} 20. Qe2 {[%emt 0:00:16]} Kf7 {[%emt 0:01:54]} 21. Re1 {[%emt 0:00:08]} Raa8 {[%emt 0:00:17]} 22. Qh5+ {[%emt 0:00:30]} Kg8 {[%emt 0:00:26]} 23. Qg4+ {[%emt 0:00:04]} Kf7 {[%emt 0:00:23]} 24. Rxf6+ {[%emt 0:00:08]} Kxf6 {[%emt 0:00:19]} 25. Qxd7 {[%emt 0:00:01]} Rad8 {[%emt 0:00:22]} 26. Qe6+ {[%emt 0:00:31]} Kg7 {[%emt 0:00:14]} 27. Re3 {[%emt 0:00:20]} Bc5 {[%emt 0:01:02]} 28. Rg3+ {[%emt 0:00:02]} Kh8 {[%emt 0:00:11]} 29. Qe5+ {[%emt 0:00:01]} 1-0